[Event "Murcia-ch 18th"]
[Site "Totana"]
[Date "2003.05.03"]
[Round "8"]
[White "Fernandez Diaz, Carlos"]
[Black "Franco Martinez, Mariano Marcos"]
[Result "1-0"]
[WhiteElo "2001"]
[BlackElo "1700"]
[PlyCount "91"]
[EventDate "2003.03.08"]
[EventType "swiss"]
[EventRounds "9"]
[EventCountry "ESP"]
[SourceTitle "EXT 2004"]
[Source "ChessBase"]
[SourceDate "2003.11.25"]
[SourceVersion "1"]
[SourceVersionDate "2003.11.25"]
[SourceQuality "1"]

1. d4 Nf6 2. c4 e5 3. d5 Bc5 4. Nc3 d6 5. e3 0-0 6. Bd3 c6 7. Qc2 Nbd7 8. Nf3 Qc7 9. Bd2 Re8 10. Ng5 Nf8 11. Nce4 Nxe4 12. Bxe4 Ng6 13. h4 f5 14. Bxf5 Bxf5 15. Qxf5 Rf8 16. Qc2 Qe7 17. Nxh7 Kxh7 18. h5 e4 19. hxg6+ Kxg6 20. Bc3 Rh8 21. 0-0-0 Raf8 22. Qe2 Kf7 23. Qg4 Rhg8 24. b4 Bb6 25. dxc6 bxc6 26. c5 Bc7 27. Rh7 Ke8 28. Qg6+ Kd7 29. cxd6 Bxd6 30. Bxg7 Rxf2 31. Rxd6+ Kc7 32. Rxc6+ Kb7 33. b5 Rf7 34. Rc3 Rfxg7 35. Qa6+ Kb8 36. Rxg7 Qxg7 37. Qd6+ Kb7 38. Qc6+ Kb8 39. a4 Qxg2 40. Rc2 Qg1+ 41. Kb2 Qxe3 42. Qd6+ Ka8 43. Qd5+ Kb8 44. Qxg8+ Kb7 45. Qc8+ Kb6 46. Qc7# 1-0